12 Months in 12 Languages - Statistics

General Stats
  • This quiz has been taken 76 times
  • The average score is 68 of 144
Answer Stats
Month # Language Month Name % Correct
1 German Januar
100%
1 Icelandic Janúar
100%
4 Dutch | English | German | Swedish April
98%
4 Icelandic Apríl
98%
1 English January
98%
7 English July
98%
6 English June
98%
3 English March
98%
12 Dutch | English | Swedish December
97%
2 German Februar
97%
2 Icelandic Febrúar
97%
5 English May
97%
8 English | German August
95%
2 English February
95%
11 Dutch | English | German | Swedish November
95%
11 Icelandic Nóvember
95%
10 English October
95%
9 Dutch | English | German | +2 others September
95%
7 Dutch | German | Swedish Juli
84%
7 Icelandic Júlí
84%
6 Dutch | German | Swedish Juni
84%
6 Icelandic Júní
84%
3 German März
79%
5 French | German Mai
75%
5 Icelandic Maí
75%
11 French | Italian Novembre
64%
10 Dutch | German | Swedish Oktober
64%
10 Icelandic Október
64%
9 French Septembre
64%
12 French Décembre
62%
10 French Octobre
62%
4 French Avril
61%
4 Spanish Abril
59%
3 French | Icelandic | Swedish Mars
59%
1 French Janvier
57%
7 Spanish Julio
57%
3 Italian | Spanish Marzo
57%
5 Spanish Mayo
57%
6 Spanish Junio
56%
11 Spanish Noviembre
56%
9 Spanish Septiembre
56%
8 Italian | Spanish Agosto
54%
2 Spanish Febrero
54%
12 German Dezember
52%
1 Dutch | Swedish Januari
52%
10 Spanish Octubre
51%
12 Spanish Diciembre
49%
1 Spanish Enero
49%
2 Dutch | Swedish Februari
49%
2 French Février
49%
8 French Août
44%
7 French Juillet
41%
6 French Juin
41%
12 Italian Dicembre
38%
8 Dutch Augustus
33%
5 Dutch Mei
33%
4 Italian Aprile
30%
10 Italian Ottobre
30%
9 Italian Settembre
30%
8 Icelandic Ágúst
26%
3 Dutch Maart
26%
5 Italian Maggio
26%
1 Italian Gennaio
25%
8 Swedish Augusti
23%
6 Italian Giugno
23%
5 Polish | Swedish Maj
23%
2 Italian Febbraio
21%
7 Italian Luglio
21%
11 Czech | Polish Listopad
13%
6 Czech Červen
11%
12 Icelandic Desember
11%
5 Czech Květen
11%
12 Czech Prosinec
11%
3 Czech Březen
10%
7 Czech Červenec
10%
4 Polish Kwiecień
10%
10 Polish Październik
10%
10 Czech Říjen
10%
8 Czech Srpen
10%
1 Finnish Tammikuu
10%
4 Czech Duben
8%
8 Finnish Elokuu
8%
7 Finnish Heinäkuu
8%
2 Finnish Helmikuu
8%
12 Finnish Joulukuu
8%
6 Finnish Kesäkuu
8%
1 Czech leden
8%
3 Finnish Maaliskuu
8%
11 Finnish Marraskuu
8%
9 Finnish Syyskuu
8%
5 Finnish Toukokuu
8%
2 Czech Únor
8%
9 Czech Září
8%
12 Polish Grudzień
7%
4 Finnish Huhtikuu
7%
7 Polish Lipiec
7%
10 Finnish Lokakuu
7%
2 Polish Luty
7%
3 Polish Marzec
7%
1 Polish Styczeń
7%
9 Polish Wrzesień
7%
4 Lithuanian Balandis
5%
6 Lithuanian Birželis
5%
6 Polish Czerwiec
5%
5 Lithuanian Gegužė
5%
12 Lithuanian Gruodis
5%
3 Lithuanian Kovas
5%
11 Lithuanian Lapkritis
5%
7 Lithuanian Liepa
5%
8 Lithuanian Rugpjūtis
5%
9 Lithuanian Rugsėjis
5%
1 Lithuanian Sausis
5%
8 Polish Sierpień
5%
10 Lithuanian Spalis
5%
2 Lithuanian Vasaris
5%
No matching quizzes found
Score Distribution
Percent of People with Each Score
Percentile by Number Answered
Your Score History
You have not taken this quiz